[Event "European Senior Team Championship 2021"]
[Site "Don Giovanni hotel, Vinohradska 2733, Prague, Czech Republic"]
[Date "2021.09.04"]
[Round "6"]
[Board "3"]
[White "Neckar, Lubomir"]
[Black "Vucenovic, Dragomir"]
[Result "1-0"]
[WhiteElo "2274"]
[BlackElo "2161"]
[PlyCount "0"]
[EventDate "2021.08.30"]
[EventType "team"]
[EventRounds "9"]
[EventCountry "ECX"]
[WhiteTeam "LYSA NAD LABEM - 100 LET"]
[BlackTeam "SWITZERLAND"]

1. Nf3 {[%clk 1:30:54]} Nf6 {[%clk 1:30:45]} 2. g3 {[%clk 1:31:14]} g6
{[%clk 1:31:00]} 3. c4 {[%clk 1:30:35]} Bg7 {[%clk 1:31:04]} 4. Bg2
{[%clk 1:30:09]} O-O {[%clk 1:31:17]} 5. d4 {[%clk 1:30:14]} d6 {[%clk 1:31:23]}
6. Nc3 {[%clk 1:30:26]} Nbd7 {[%clk 1:31:19]} 7. O-O {[%clk 1:28:25]} a6
{[%clk 1:29:09]} 8. h3 {[%clk 1:21:14]} Re8 {[%clk 1:27:29]} 9. e4
{[%clk 1:16:19]} e5 {[%clk 1:25:57]} 10. Re1 {[%clk 1:16:41]} exd4
{[%clk 1:25:24]} 11. Nxd4 {[%clk 1:17:05]} Rb8 {[%clk 1:19:14]} 12. f4
{[%clk 0:54:01]} c5 {[%clk 1:06:19]} 13. Nc2 {[%clk 0:49:09]} Nb6
{[%clk 0:49:14]} 14. Qd3 {[%clk 0:37:22]} Be6 {[%clk 0:43:43]} 15. b3
{[%clk 0:26:35]} Nfd7 {[%clk 0:34:59]} 16. Be3 {[%clk 0:22:29]} f5
{[%clk 0:32:46]} 17. Rad1 {[%clk 0:18:36]} Qf6 {[%clk 0:31:15]} 18. Bd2
{[%clk 0:13:27]} Qf8 {[%clk 0:31:26]} 19. Kh2 {[%clk 0:13:01]} Rbd8
{[%clk 0:30:15]} 20. Ne3 {[%clk 0:12:48]} Qf7 {[%clk 0:11:45]} 21. exf5
{[%clk 0:12:33]} gxf5 {[%clk 0:12:06]} 22. Ncd5 {[%clk 0:08:48]} Bxd5
{[%clk 0:03:45]} 23. Nxd5 {[%clk 0:08:39]} Kh8 {[%clk 0:03:25]} 24. Ba5
{[%clk 0:08:18]} Rxe1 {[%clk 0:01:03]} 25. Rxe1 {[%clk 0:08:36]} Re8
{[%clk 0:01:21]} 26. Rxe8+ {[%clk 0:08:29]} Qxe8 {[%clk 0:01:49]} 27. Nxb6
{[%clk 0:08:35]}  1-0

[Event "European Senior Team Championship 2021"]
[Site "Don Giovanni hotel, Vinohradska 2733, Prague, Czech Republic"]
[Date "2021.09.04"]
[Round "6"]
[Board "4"]
[White "Issler, Christian"]
[Black "Spacek, Petr"]
[Result "0-1"]
[WhiteElo "1982"]
[BlackElo "2318"]
[PlyCount "0"]
[EventDate "2021.08.30"]
[EventType "team"]
[EventRounds "9"]
[EventCountry "ECX"]
[WhiteTeam "SWITZERLAND"]
[BlackTeam "LYSA NAD LABEM - 100 LET"]

1. d4 {[%clk 1:30:56]} d6 {[%clk 1:29:20]} 2. e4 {[%clk 1:30:02]} Nf6
{[%clk 1:29:40]} 3. Nc3 {[%clk 1:28:37]} e5 {[%clk 1:27:20]} 4. dxe5
{[%clk 1:27:47]} dxe5 {[%clk 1:27:48]} 5. Qxd8+ Kxd8 6. Bg5 {[%clk 1:18:53]} Be6
{[%clk 1:27:23]} 7. O-O-O+ {[%clk 1:17:20]} Nbd7 {[%clk 1:25:28]} 8. Nf3
{[%clk 1:03:24]} Bd6 {[%clk 1:18:28]} 9. Bb5 {[%clk 0:57:53]} Kc8
{[%clk 1:11:11]} 10. h3 {[%clk 0:44:15]} a6 {[%clk 1:08:06]} 11. Bxd7+
{[%clk 0:38:12]} Nxd7 {[%clk 1:07:42]} 12. Be3 {[%clk 0:38:24]} f6
{[%clk 1:06:12]} 13. Nd5 {[%clk 0:29:27]} b5 {[%clk 1:00:40]} 14. Kb1
{[%clk 0:24:59]} Kb7 {[%clk 0:59:45]} 15. Nd2 {[%clk 0:22:38]} Rhd8
{[%clk 0:49:24]} 16. a3 {[%clk 0:07:04]} a5 {[%clk 0:40:44]} 17. Nb3
{[%clk 0:04:17]} b4 {[%clk 0:31:30]} 18. axb4 {[%clk 0:04:33]} axb4
{[%clk 0:31:37]} 19. Bd2 {[%clk 0:04:31]} Ra4 {[%clk 0:29:51]} 20. f3
{[%clk 0:01:50]} Rda8 {[%clk 0:28:53]} 21. Ne3 {[%clk 0:00:48]} Nc5
{[%clk 0:27:40]} 22. Nd5 {[%clk 0:00:35]} c6 {[%clk 0:24:38]} 23. Nxb4
{[%clk 0:30:28]} Nxb3 {[%clk 0:54:49]}  0-1

[Event "European Senior Team Championship 2021"]
[Site "Don Giovanni hotel, Vinohradska 2733, Prague, Czech Republic"]
[Date "2021.09.04"]
[Round "6"]
[Board "1"]
[White "Taksrud, Vidar"]
[Black "Sharif, Mehrshad"]
[Result "0-1"]
[WhiteElo "1910"]
[BlackElo "2335"]
[PlyCount "0"]
[EventDate "2021.08.30"]
[EventType "team"]
[EventRounds "9"]
[EventCountry "ECX"]
[WhiteTeam "GOLDEN OLDIES"]
[BlackTeam "FRANCE"]

1. Nc3 {[%clk 1:30:37]} d5 {[%clk 1:31:12]} 2. e4 {[%clk 1:31:01]} e6
{[%clk 1:30:40]} 3. Nf3 {[%clk 1:30:55]} Nf6 {[%clk 1:30:54]} 4. e5
{[%clk 1:30:28]} Nfd7 {[%clk 1:31:07]} 5. d4 {[%clk 1:30:43]} c5 {[%clk 1:31:30]}
6. Bg5 {[%clk 1:24:17]} Qb6 {[%clk 1:29:24]} 7. Bb5 {[%clk 1:21:03]} Nc6
{[%clk 1:24:35]} 8. O-O {[%clk 1:19:46]} cxd4 {[%clk 1:23:20]} 9. Bxc6
{[%clk 1:20:05]} bxc6 {[%clk 1:23:12]} 10. Nxd4 {[%clk 1:11:25]} Nxe5
{[%clk 1:20:58]} 11. Re1 {[%clk 1:09:44]} Bd6 {[%clk 1:06:18]} 12. Bf4
{[%clk 0:59:57]} Nc4 {[%clk 1:03:26]} 13. b3 {[%clk 0:52:18]} Bxf4
{[%clk 0:59:47]} 14. bxc4 {[%clk 0:52:42]} O-O {[%clk 0:59:32]} 15. Rb1
{[%clk 0:44:38]} Qc5 {[%clk 0:58:15]} 16. Nce2 {[%clk 0:43:58]} Be5
{[%clk 0:56:59]} 17. Nf3 {[%clk 0:44:17]} Bf6 {[%clk 0:56:41]} 18. cxd5
{[%clk 0:43:37]} cxd5 {[%clk 0:56:33]} 19. Nf4 {[%clk 0:41:22]} g6
{[%clk 0:55:32]} 20. Rb3 {[%clk 0:39:59]} Ba6 {[%clk 0:53:32]} 21. Ne5
{[%clk 0:38:10]} Qc7 {[%clk 0:50:29]} 22. Nfd3 {[%clk 0:34:45]} Rac8
{[%clk 0:48:20]} 23. Ng4 {[%clk 0:33:45]} Bg7 {[%clk 0:48:07]} 24. Ra3
{[%clk 0:30:14]} Bb5 {[%clk 0:47:02]} 25. Re2 {[%clk 0:26:14]} e5
{[%clk 0:45:50]} 26. Ne3 {[%clk 0:23:06]} Rfd8 {[%clk 0:40:45]} 27. Qb1
{[%clk 0:19:15]} a6 {[%clk 0:38:13]} 28. Rd2 {[%clk 0:18:18]} d4 {[%clk 0:37:07]}
29. Nf1 {[%clk 0:16:45]} e4 {[%clk 0:36:29]} 30. Ne1 {[%clk 0:16:39]} Bh6
{[%clk 0:35:05]} 31. Rd1 {[%clk 0:16:46]} Be2 {[%clk 0:35:15]} 32. Ng3
{[%clk 0:16:59]} Bxd1 {[%clk 0:35:23]} 33. Qxd1 {[%clk 0:17:25]} Qc6
{[%clk 0:35:19]} 34. Qe2 {[%clk 0:17:11]} d3 {[%clk 0:34:04]} 35. cxd3
{[%clk 0:17:35]} Qc1 {[%clk 0:34:17]}  0-1

[Event "European Senior Team Championship 2021"]
[Site "Don Giovanni hotel, Vinohradska 2733, Prague, Czech Republic"]
[Date "2021.09.04"]
[Round "6"]
[Board "2"]
[White "Giffard, Nicolas"]
[Black "Johnsen, Oystein"]
[Result "1-0"]
[WhiteElo "2247"]
[BlackElo "1958"]
[PlyCount "0"]
[EventDate "2021.08.30"]
[EventType "team"]
[EventRounds "9"]
[EventCountry "ECX"]
[WhiteTeam "FRANCE"]
[BlackTeam "GOLDEN OLDIES"]

1. d4 {[%clk 1:30:50]} d5 {[%clk 1:30:52]} 2. c4 {[%clk 1:31:13]} c6
{[%clk 1:31:16]} 3. Nf3 {[%clk 1:31:32]} Nf6 {[%clk 1:31:38]} 4. Nc3
{[%clk 1:31:19]} a6 {[%clk 1:31:50]} 5. e3 {[%clk 1:26:43]} e6 {[%clk 1:29:13]}
6. Bd3 Nbd7 {[%clk 1:21:33]} 7. O-O {[%clk 1:20:05]} Bd6 {[%clk 1:20:44]} 8. e4
{[%clk 1:19:11]} dxe4 {[%clk 1:20:59]} 9. Bxe4 {[%clk 1:19:31]} O-O
{[%clk 1:16:11]} 10. Bc2 {[%clk 1:17:26]} e5 {[%clk 1:12:34]} 11. c5
{[%clk 1:10:26]} exd4 {[%clk 1:08:16]} 12. cxd6 {[%clk 1:09:06]} dxc3
{[%clk 1:08:15]} 13. bxc3 {[%clk 1:07:31]} b5 {[%clk 1:02:59]} 14. Nd4
{[%clk 0:59:09]} Bb7 {[%clk 0:56:20]} 15. Nf5 {[%clk 0:54:43]} Re8
{[%clk 0:37:02]} 16. Ne7+ {[%clk 0:52:30]} Kh8 {[%clk 0:35:09]} 17. Bg5
{[%clk 0:51:32]} h6 {[%clk 0:32:47]} 18. Bh4 {[%clk 0:50:03]} Rxe7
{[%clk 0:26:30]} 19. dxe7 {[%clk 0:49:23]} Qxe7 {[%clk 0:26:53]} 20. Re1
{[%clk 0:48:44]} Qf8 {[%clk 0:23:44]} 21. Bf5 {[%clk 0:45:02]} Rd8
{[%clk 0:18:05]} 22. Qf3 {[%clk 0:43:54]} g5 {[%clk 0:15:14]} 23. Bg3
{[%clk 0:43:24]}  1-0

[Event "European Senior Team Championship 2021"]
[Site "Don Giovanni hotel, Vinohradska 2733, Prague, Czech Republic"]
[Date "2021.09.04"]
[Round "6"]
[Board "3"]
[White "Thjomoe, Hans Richard"]
[Black "Boudre, Jean-Pierre"]
[Result "0-1"]
[WhiteElo "1856"]
[BlackElo "2263"]
[PlyCount "0"]
[EventDate "2021.08.30"]
[EventType "team"]
[EventRounds "9"]
[EventCountry "ECX"]
[WhiteTeam "GOLDEN OLDIES"]
[BlackTeam "FRANCE"]

1. e4 {[%clk 1:30:51]} e5 {[%clk 1:30:32]} 2. Nf3 {[%clk 1:30:51]} Nc6
{[%clk 1:30:49]} 3. d4 {[%clk 1:30:43]} exd4 {[%clk 1:31:12]} 4. Nxd4
{[%clk 1:31:04]} Nf6 {[%clk 1:30:38]} 5. Nxc6 {[%clk 1:30:49]} bxc6
{[%clk 1:31:02]} 6. e5 {[%clk 1:30:06]} Qe7 {[%clk 1:31:26]} 7. Qe2
{[%clk 1:28:55]} Nd5 {[%clk 1:31:50]} 8. c4 {[%clk 1:27:50]} Nb6 {[%clk 1:32:15]}
9. b3 {[%clk 1:24:38]} a5 {[%clk 1:20:22]} 10. Bb2 {[%clk 1:16:00]} a4
{[%clk 1:20:10]} 11. Nd2 {[%clk 1:12:35]} axb3 {[%clk 1:19:51]} 12. axb3
{[%clk 1:12:24]} Rxa1+ {[%clk 1:20:16]} 13. Bxa1 {[%clk 1:12:46]} Qa3
{[%clk 1:20:43]} 14. Qd1 {[%clk 1:11:52]} Bb4 {[%clk 1:21:06]} 15. h4
{[%clk 1:05:02]} d6 {[%clk 1:12:12]} 16. Be2 {[%clk 0:59:28]} Qa2
{[%clk 1:07:15]} 17. Bd4 {[%clk 0:57:08]} Bf5 {[%clk 1:06:42]} 18. O-O
{[%clk 0:55:18]} Qxd2 {[%clk 0:52:25]} 19. exd6 {[%clk 0:53:48]} O-O
{[%clk 0:21:42]} 20. dxc7 {[%clk 0:48:22]} Na8 {[%clk 0:20:50]} 21. Qxd2
{[%clk 0:42:03]} Bxd2 {[%clk 0:21:11]} 22. Rd1 {[%clk 0:42:26]} Bf4
{[%clk 0:20:46]} 23. Bc5 {[%clk 0:42:12]} Re8 {[%clk 0:10:58]} 24. Rd8
{[%clk 0:39:42]} Nxc7 {[%clk 0:11:19]} 25. Rxe8+ {[%clk 0:39:25]} Nxe8
{[%clk 0:11:42]} 26. b4 {[%clk 0:38:19]} Bd6 {[%clk 0:11:00]} 27. Bf3
{[%clk 0:37:50]} Bxc5 {[%clk 0:11:07]}  0-1

[Event "European Senior Team Championship 2021"]
[Site "Don Giovanni hotel, Vinohradska 2733, Prague, Czech Republic"]
[Date "2021.09.04"]
[Round "6"]
[Board "4"]
[White "Berthelot, Yannick"]
[Black "Bjorgvik, Jan Arne"]
[Result "1-0"]
[WhiteElo "2266"]
[BlackElo "1722"]
[PlyCount "0"]
[EventDate "2021.08.30"]
[EventType "team"]
[EventRounds "9"]
[EventCountry "ECX"]
[WhiteTeam "FRANCE"]
[BlackTeam "GOLDEN OLDIES"]

1. e4 {[%clk 1:30:55]} c6 {[%clk 1:30:42]} 2. d4 {[%clk 1:31:13]} d5
{[%clk 1:30:54]} 3. Nc3 {[%clk 1:31:35]} dxe4 {[%clk 1:30:59]} 4. Nxe4
{[%clk 1:31:59]} Nf6 {[%clk 1:29:53]} 5. Nxf6+ {[%clk 1:32:20]} gxf6
{[%clk 1:29:54]} 6. g3 {[%clk 1:31:53]} e5 {[%clk 1:29:02]} 7. Be3
{[%clk 1:27:16]} exd4 {[%clk 1:27:24]} 8. Qxd4 {[%clk 1:26:38]} Qxd4
{[%clk 1:25:57]} 9. Bxd4 {[%clk 1:27:03]} Bg7 {[%clk 1:25:42]} 10. O-O-O
{[%clk 1:21:19]} O-O {[%clk 1:24:27]} 11. Bg2 {[%clk 1:16:45]} Be6
{[%clk 1:18:48]} 12. Nh3 {[%clk 1:13:55]} Bxh3 {[%clk 1:12:45]} 13. Bxh3
{[%clk 1:14:15]} Na6 {[%clk 1:12:11]} 14. Be3 {[%clk 1:10:32]} b6
{[%clk 0:59:24]} 15. Bg2 {[%clk 1:08:10]} Nb4 {[%clk 0:52:10]} 16. c3
{[%clk 1:07:22]} Nd5 {[%clk 0:51:39]} 17. Bxd5 {[%clk 1:07:42]} cxd5
{[%clk 0:51:57]} 18. Rxd5 {[%clk 1:08:07]} Rfd8 {[%clk 0:47:23]} 19. Rhd1
{[%clk 1:07:56]} Rxd5 {[%clk 0:44:23]} 20. Rxd5 {[%clk 1:08:21]} Kf8
{[%clk 0:40:28]} 21. Rd7 {[%clk 1:08:21]} Ke8 {[%clk 0:40:01]} 22. Rb7
{[%clk 1:08:31]} f5 {[%clk 0:38:19]} 23. Kc2 {[%clk 1:06:39]} Bf6
{[%clk 0:35:35]} 24. Kb3 {[%clk 1:06:20]} Be7 {[%clk 0:33:10]} 25. Ka4
{[%clk 1:04:21]} Bc5 {[%clk 0:32:18]} 26. Bxc5 {[%clk 0:58:13]} bxc5
{[%clk 0:32:35]} 27. Kb5 {[%clk 0:58:35]} Rd8 {[%clk 0:32:02]} 28. Rxa7
{[%clk 0:54:45]} Rd2 {[%clk 0:31:27]} 29. b3 {[%clk 0:54:48]} Rxf2
{[%clk 0:31:24]} 30. a4 {[%clk 0:55:07]} Rxh2 {[%clk 0:31:10]} 31. a5
{[%clk 0:54:01]} h5 {[%clk 0:28:49]} 32. a6 {[%clk 0:53:52]} h4 {[%clk 0:23:03]}
33. gxh4 {[%clk 0:54:11]} f4 {[%clk 0:23:15]} 34. Rb7 {[%clk 0:53:05]} f3
{[%clk 0:14:27]} 35. a7 {[%clk 0:53:23]} Ra2 {[%clk 0:14:42]} 36. Rb8+
{[%clk 0:53:33]}  1-0

[Event "European Senior Team Championship 2021"]
[Site "Don Giovanni hotel, Vinohradska 2733, Prague, Czech Republic"]
[Date "2021.09.04"]
[Round "6"]
[Board "1"]
[White "Jurek, Josef"]
[Black "Chevelevitch, Evgueni"]
[Result "1/2-1/2"]
[WhiteElo "2208"]
[BlackElo "2386"]
[PlyCount "0"]
[EventDate "2021.08.30"]
[EventType "team"]
[EventRounds "9"]
[EventCountry "ECX"]
[WhiteTeam "SK SOKOL VYSEHRAD"]
[BlackTeam "GERMANY 1"]

1. d4 {[%clk 1:30:53]} Nf6 {[%clk 1:30:54]} 2. c4 {[%clk 1:31:05]} g6
{[%clk 1:31:16]} 3. g3 {[%clk 1:31:16]} Bg7 {[%clk 1:31:26]} 4. Bg2
{[%clk 1:31:30]} c5 {[%clk 1:30:45]} 5. Nf3 {[%clk 1:30:55]} O-O {[%clk 1:30:30]}
6. Nc3 {[%clk 1:30:26]} cxd4 {[%clk 1:29:27]} 7. Nxd4 {[%clk 1:30:25]} Qc7
{[%clk 1:29:14]} 8. b3 {[%clk 1:26:03]} d5 {[%clk 1:28:34]} 9. Ndb5
{[%clk 1:25:52]} Qa5 {[%clk 1:28:28]} 10. Bd2 {[%clk 1:26:09]} dxc4
{[%clk 1:28:38]} 11. bxc4 {[%clk 1:26:29]} Qd8 {[%clk 1:28:16]} 12. O-O
{[%clk 1:24:57]} a6 {[%clk 1:28:15]} 13. Na3 {[%clk 1:24:54]} Nc6
{[%clk 1:28:30]} 14. Rb1 {[%clk 1:22:45]} Be6 {[%clk 1:27:47]} 15. Rxb7
{[%clk 1:17:08]} Na5 {[%clk 1:23:43]} 16. Rb4 {[%clk 1:13:16]} Rc8
{[%clk 1:23:43]} 17. Ra4 {[%clk 0:56:36]} Nxc4 {[%clk 1:14:33]} 18. Nxc4
{[%clk 0:56:18]} Bxc4 {[%clk 1:14:39]} 19. Bb7 {[%clk 0:49:44]} Rc7
{[%clk 1:14:12]} 20. Bf4 {[%clk 0:46:29]} Rxb7 {[%clk 0:42:44]} 21. Rxc4
{[%clk 0:42:26]} Qxd1 {[%clk 0:42:19]} 22. Rxd1 {[%clk 0:42:29]} Ra8
{[%clk 0:38:41]} 23. Be5 {[%clk 0:39:17]} Ne8 {[%clk 0:36:27]} 24. Bxg7
{[%clk 0:38:58]} Kxg7 {[%clk 0:36:55]} 25. Rd2 {[%clk 0:37:31]}  1/2-1/2

[Event "European Senior Team Championship 2021"]
[Site "Don Giovanni hotel, Vinohradska 2733, Prague, Czech Republic"]
[Date "2021.09.04"]
[Round "6"]
[Board "3"]
[White "Pilar, Miloslav"]
[Black "Postler, Reinhard"]
[Result "1-0"]
[WhiteElo "2035"]
[BlackElo "2250"]
[PlyCount "0"]
[EventDate "2021.08.30"]
[EventType "team"]
[EventRounds "9"]
[EventCountry "ECX"]
[WhiteTeam "SK SOKOL VYSEHRAD"]
[BlackTeam "GERMANY 1"]

1. d4 {[%clk 1:30:55]} d5 {[%clk 1:30:52]} 2. Nf3 {[%clk 1:31:17]} Nf6
{[%clk 1:31:19]} 3. c4 {[%clk 1:31:40]} e6 {[%clk 1:31:47]} 4. Nc3
{[%clk 1:32:02]} c6 {[%clk 1:32:15]} 5. cxd5 {[%clk 1:31:46]} exd5
{[%clk 1:32:43]} 6. Bg5 {[%clk 1:31:16]} Be7 {[%clk 1:32:58]} 7. e3
{[%clk 1:31:15]} Bf5 {[%clk 1:33:11]} 8. Bd3 {[%clk 1:30:16]} Bxd3
{[%clk 1:33:33]} 9. Qxd3 {[%clk 1:30:31]} O-O {[%clk 1:34:00]} 10. O-O
{[%clk 1:30:37]} Nbd7 {[%clk 1:34:00]} 11. a3 {[%clk 1:29:05]} Ne4
{[%clk 1:30:06]} 12. Bf4 {[%clk 1:25:35]} Ndf6 {[%clk 1:27:43]} 13. Be5
{[%clk 1:11:46]} Re8 {[%clk 1:24:45]} 14. Bxf6 {[%clk 1:08:14]} Nxf6
{[%clk 1:22:24]} 15. b4 {[%clk 1:06:50]} a6 {[%clk 1:21:29]} 16. Rfc1
{[%clk 1:01:59]} Bd6 {[%clk 1:21:08]} 17. Na4 {[%clk 1:00:02]} Qc7
{[%clk 1:14:48]} 18. Nc5 {[%clk 0:54:41]} b6 {[%clk 1:06:36]} 19. Nxa6
{[%clk 0:46:56]} Qb7 {[%clk 1:04:55]} 20. b5 {[%clk 0:46:46]} cxb5
{[%clk 1:04:50]} 21. Nb4 {[%clk 0:46:55]} Ra5 {[%clk 1:03:48]} 22. Nc6
{[%clk 0:45:46]} Ra4 {[%clk 1:03:54]} 23. Qxb5 {[%clk 0:40:24]} Rea8
{[%clk 0:54:00]} 24. g3 {[%clk 0:35:55]} Rxa3 {[%clk 0:51:16]} 25. Rxa3
{[%clk 0:36:12]} Rxa3 {[%clk 0:49:01]} 26. Rc2 {[%clk 0:35:23]} Qa6
{[%clk 0:44:19]} 27. Qxa6 {[%clk 0:32:59]} Rxa6 {[%clk 0:44:40]} 28. Kg2
{[%clk 0:30:16]} Kf8 {[%clk 0:39:02]} 29. Nfe5 {[%clk 0:28:49]} Bxe5
{[%clk 0:29:33]} 30. dxe5 {[%clk 0:28:05]} Nd7 {[%clk 0:29:10]} 31. Nb4
{[%clk 0:27:46]}  1-0

[Event "European Senior Team Championship 2021"]
[Site "Don Giovanni hotel, Vinohradska 2733, Prague, Czech Republic"]
[Date "2021.09.04"]
[Round "6"]
[Board "4"]
[White "Kierzek, Matthias"]
[Black "Groh, Jiri"]
[Result "1-0"]
[WhiteElo "2201"]
[BlackElo "2020"]
[PlyCount "0"]
[EventDate "2021.08.30"]
[EventType "team"]
[EventRounds "9"]
[EventCountry "ECX"]
[WhiteTeam "GERMANY 1"]
[BlackTeam "SK SOKOL VYSEHRAD"]

1. d4 {[%clk 1:30:55]} d5 {[%clk 1:27:35]} 2. c4 {[%clk 1:31:18]} e6
{[%clk 1:27:59]} 3. Nc3 {[%clk 1:31:36]} Nf6 {[%clk 1:27:49]} 4. Nf3
{[%clk 1:31:58]} Be7 {[%clk 1:27:44]} 5. Bf4 {[%clk 1:32:18]} O-O
{[%clk 1:27:29]} 6. e3 {[%clk 1:32:43]} c5 {[%clk 1:23:34]} 7. dxc5
{[%clk 1:32:58]} Bxc5 {[%clk 1:23:30]} 8. cxd5 {[%clk 1:33:22]} exd5
{[%clk 1:23:37]} 9. Be2 {[%clk 1:30:48]} Bg4 {[%clk 1:22:46]} 10. O-O
{[%clk 1:29:32]} Nc6 {[%clk 1:22:02]} 11. Rc1 {[%clk 1:26:06]} Bd6
{[%clk 1:19:21]} 12. Nxd5 {[%clk 1:18:43]} Nxd5 {[%clk 1:18:13]} 13. Qxd5
{[%clk 1:18:37]} Bxf4 {[%clk 1:17:50]} 14. Qxd8 {[%clk 1:18:42]} Raxd8
{[%clk 1:15:39]} 15. exf4 {[%clk 1:19:05]} h6 {[%clk 1:14:14]} 16. Rfe1
{[%clk 1:08:40]} Nb4 {[%clk 1:07:03]} 17. Rc7 {[%clk 1:03:52]} Nxa2
{[%clk 1:01:41]} 18. Rxb7 {[%clk 0:56:34]} Rb8 {[%clk 1:00:36]} 19. Rxa7
{[%clk 0:55:37]} Rxb2 {[%clk 1:00:41]} 20. Bc4 {[%clk 0:54:45]} Nc3
{[%clk 0:56:02]} 21. Ne5 {[%clk 0:51:36]} Be6 {[%clk 0:53:53]} 22. Bxe6
{[%clk 0:49:34]} fxe6 {[%clk 0:54:22]} 23. Nd7 {[%clk 0:38:36]} Rxf4
{[%clk 0:49:46]} 24. Ra8+ {[%clk 0:38:17]} Kf7 {[%clk 0:49:57]} 25. Ne5+
{[%clk 0:38:27]} Kf6 {[%clk 0:46:30]} 26. Rf8+ {[%clk 0:37:48]} Kg5
{[%clk 0:42:14]} 27. Nf3+ {[%clk 0:27:48]} Rxf3 {[%clk 0:40:11]} 28. Rxf3
{[%clk 0:27:19]} Ne2+ {[%clk 0:38:56]} 29. Kf1 {[%clk 0:26:17]} Nd4
{[%clk 0:39:12]} 30. Rd3 {[%clk 0:23:46]} Rb4 {[%clk 0:38:34]} 31. g3
{[%clk 0:23:07]} Kf6 {[%clk 0:38:21]} 32. Re4 {[%clk 0:20:36]} Rb1+
{[%clk 0:38:22]} 33. Kg2 {[%clk 0:20:47]} Nf5 {[%clk 0:38:02]} 34. h4
{[%clk 0:19:53]} g5 {[%clk 0:37:38]} 35. h5 {[%clk 0:19:32]} Ke7 {[%clk 0:35:40]}
36. Ra3 {[%clk 0:19:00]} Rb6 {[%clk 0:34:13]} 37. Ra7+ {[%clk 0:16:24]} Kd6
{[%clk 0:33:52]} 38. Rh7 {[%clk 0:15:44]} Kd5 {[%clk 0:33:48]} 39. Ra4
{[%clk 0:15:23]} e5 {[%clk 0:26:13]} 40. Ra5+ {[%clk 0:14:53]} Ke4
{[%clk 0:24:57]} 41. Ra4+ {[%clk 0:10:49]} Nd4 {[%clk 0:23:13]} 42. Rg7
{[%clk 0:10:31]} Rb1 {[%clk 0:16:50]} 43. Rg6 {[%clk 0:29:22]} Kf5
{[%clk 0:44:22]} 44. Rxh6 {[%clk 0:29:15]} g4 {[%clk 0:36:08]} 45. Rg6
{[%clk 0:26:06]} Rb7 {[%clk 0:35:07]} 46. Ra8 {[%clk 0:25:07]} Rf7
{[%clk 0:31:49]} 47. Rag8 {[%clk 0:24:28]} Rh7 {[%clk 0:29:22]} 48. Rf8+
{[%clk 0:22:51]} Ke4 {[%clk 0:29:45]} 49. Rxg4+ {[%clk 0:23:11]} Kd3
{[%clk 0:29:58]} 50. Rg5 {[%clk 0:22:27]} e4 {[%clk 0:29:04]} 51. Rd8
{[%clk 0:22:20]}  1-0